| 000 | 01079nam a2200301 i 4500 | ||
|---|---|---|---|
| 001 | bg | ||
| 100 | 1 | _aJARŻA, Alicja | |
| 245 | 1 | 0 |
_aIntegrating of distributed generation in local energy systems / _cAlicja Jarża, Maciej Podolski ; Czestochowa University of Technology. |
| 260 |
_aCzęstochowa : _bThe Publishing Office of Czestochowa University of Technology, _c2006. |
||
| 300 |
_a124 s. : _bil. (w tym kolor.) ; _c24 cm. |
||
| 490 | 1 |
_aMonographs / Czestochowa University of Technology, _x0860-5017 ; _vno 116 |
|
| 500 | _aNa okł.: Scientific network sustainable energy systems : Energy Future. | ||
| 504 | _aBibliogr. s. 113-124. | ||
| 650 | 9 | _aEnergetyka | |
| 655 | _aPodręczniki | ||
| 700 | 1 | _aPODOLSKI, Maciej | |
| 830 | 0 |
_aMonographs (Czestochowa University of Technology) ; _vno 116 |
|
| 015 | _aPB 19245/2006 | ||
| 020 | _a8371932723 | ||
| 020 | _a9788371932724 | ||
| 040 | _cBPK | ||
| 041 | _apol | ||
| 080 | _a620.9(07) | ||
| 920 | _a83-7193-272-3 | ||
| 920 | _a978-83-7193-272-4 | ||
| 942 | _cKS | ||
| 008 | s pl f |000 0 pol | ||
| 999 |
_c52710 _d52710 |
||
| 856 |
_uhttp://koha.tu.koszalin.pl/cgi-bin/koha/opac-detail.pl?biblionumber=52710 _yKatalog online BPK |
||